00755nam a2200253Ia 4500003000400000005001700004006001800021007000300039008004100042024001100083037001100094040001800105041001300123100002700136110007300163245008200236260000900318300001700327650001300344700004000357700007300397942001200470999001900482OSt20220930085436.0a|||||r|||| 00| 0ta220926b |||||||| |||| 00| 0 eng d a100456 cTheses aCRLcCRLbeng 2engaeng aPham Phuoc Mao9540291 aUniversity of Delhi. Faculty of Arts. Department of Buddhist Studies 0aCritical study of the concept of donation (Dana) as reflected in the tipitaka c2009 a307ap.ccm. aBUDDHISM a Dr. Indra Narain Singh Gu.9540292 aUniversity of Delhi. Faculty of Arts. Department of Buddhist Studies cDIS2CC c878924d878924